000 00828nam a22002057a 4500
005 20260108154112.0
010 _aHIN-130754
020 _c150.00
_a9789390605248
035 _aHN-103100
037 _bDBAD
082 _a808.883
_21
100 _aअम्बिकादुत्त
_986253
245 _aसियाराम का गाँव/
_cअम्बिकादुत्त
250 _a1
260 _bप्रभाकर प्रकाशन
_c2021
_aदिल्ली
270 _bदिल्ली
_aप्लाट न.-55, मेन मदर डेरी रोड, पांडव नगर ईस्ट
_e110092
_k011-40395855
_k8368220032
300 _a152पृ.
_c21सेमी (अजिल्द)
700 _986235
942 _2ddc
_cHN
_h808.883
_mअम्बिका
999 _c214051
_d214051